Veřejné finance a sociální ekonomie
Sociálny štát, verejné financie a občianske iniciatívy. Neziskovosť, verejná prospešnosť a verejné služby. Transformácia a reforma verejnej správy - v krajinách strednej a východnej Európy a v krajinách Európskej únie.
Salvato in:
| Autore principale: | |
|---|---|
| Natura: | Capitolo di libro |
| Lingua: | ceco |
| Soggetti: | |
| Tags: |
Nessun Tag, puoi essere il primo ad aggiungerne!!
|
MARC
| LEADER | 00000naa$a2200000$$$4500 | ||
|---|---|---|---|
| 001 | 0006165 | ||
| 005 | 20221128120941.1 | ||
| 041 | 0 | |a cze | |
| 044 | |a SK | ||
| 245 | 1 | 0 | |a Veřejné finance a sociální ekonomie |c aut. Magdalena Hunčová |
| 520 | |a Sociálny štát, verejné financie a občianske iniciatívy. Neziskovosť, verejná prospešnosť a verejné služby. Transformácia a reforma verejnej správy - v krajinách strednej a východnej Európy a v krajinách Európskej únie. | ||
| 610 | 2 | 0 | |a štát sociálny |
| 610 | 2 | 0 | |a financie verejné |
| 610 | 2 | 0 | |a združenia občianske |
| 610 | 2 | 0 | |a služby verejné |
| 610 | 2 | 0 | |a správa verejná |
| 610 | 2 | 0 | |a transformácia |
| 610 | 2 | 0 | |a SVE |
| 610 | 2 | 0 | |a Európska únia |
| 100 | 1 | |a Hunčová, Magdalena | |